Welcome to CU Library Online Public Access Catalogue (OPAC)

International money and finance / (Record no. 8962)

MARC details
000 -LEADER
fixed length control field 00641cam a22002054a 4500
001 - CONTROL NUMBER
control field 17357705
005 - DATE AND TIME OF LATEST TRANSACTION
control field 20260312092458.0
008 - FIXED-LENGTH DATA ELEMENTS--GENERAL INFORMATION
fixed length control field 120622s2013 ne a b 001 0 eng
020 ## - INTERNATIONAL STANDARD BOOK NUMBER
International Standard Book Number 9780123852472
Qualifying information alk. paper
050 00 - LIBRARY OF CONGRESS CALL NUMBER
Classification number HG3881
Item number .M443 2013
082 00 - DEWEY DECIMAL CLASSIFICATION NUMBER
Classification number 332/.042
Edition information 23
100 1# - MAIN ENTRY--PERSONAL NAME
Personal name Melvin, Michael
Titles and words associated with a name (Economist)
245 10 - TITLE STATEMENT
Title International money and finance /
Statement of responsibility, etc. by Michael Melvin and Stefan Norrbin.
250 ## - EDITION STATEMENT
Edition statement 8th ed.
260 ## - PUBLICATION, DISTRIBUTION, ETC.
Place of publication, distribution, etc. Amsterdam ;
-- Boston :
Name of publisher, distributor, etc. Elsevier Press,
Date of publication, distribution, etc. c2013.
300 ## - PHYSICAL DESCRIPTION
Extent xviii, 316 p. :
Other physical details ill. ;
Dimensions 24 cm.
650 #0 - SUBJECT ADDED ENTRY--TOPICAL TERM
Topical term or geographic name entry element International finance.
700 1# - ADDED ENTRY--PERSONAL NAME
Personal name Norrbin, Stefan C.
942 ## - ADDED ENTRY ELEMENTS (KOHA)
Source of classification or shelving scheme Library of Congress Classification
Koha item type Books
Edition 8th Ed.
Suppress in OPAC No
999 ## -
-- 8962
-- 8962
Holdings
Withdrawn status Lost status Source of classification or shelving scheme Damaged status Not for loan Collection Home library Current library Shelving location Date acquired Total checkouts Full call number Barcode Date last seen Copy number Price effective from Koha item type
    Library of Congress Classification     Non-fiction Business Library (Miotso) Business Library (Miotso) General stacks 03/11/2026   HG3881 .M443 2013 BSSM00002579 03/12/2026 1 03/11/2026 Books
    Library of Congress Classification     Non-fiction Business Library (Miotso) Business Library (Miotso) General stacks 03/11/2026   HG3881 .M443 2013 BSSM00002580 03/12/2026 2 03/11/2026 Books
    Library of Congress Classification     Non-fiction Business Library (Miotso) Business Library (Miotso) General stacks 03/11/2026   HG3881 .M443 2013 BSSM00002581 03/12/2026 3 03/11/2026 Books
© 2023-2024 Copyright: Central University Libraries. All Rights Reserved | Created by: Mahone Tech Office